000 01158nam a22002057a 4500
003 JO-AjAnu
005 20240325111212.0
008 240324b jo ||||| |||| 00| 0 ara d
040 _aJO-AjAnu
_cJO-AjAnu
041 _aara
050 _aHF5686
_b2024
100 1 _aالقضاة، هيا سالم رضوان
_965108
_eمعد
245 _aاثر حوكمة الشركات على الرافعة المالية في الشركات الأردنية غير المالية المدرجة في يورصة عمان = The Impact of Corporate Governance on Financial Leverage in Jordanian Non - Financial Companies Listed on the Amman Stock Exchange /
_cاعداد هيا سالم رضوان القضاة ؛ إشراف تيسير علي المومني
260 _c2023
300 _a86ورقة
505 _aرسالة جامعية (رسالة ماجستير) .- جامعة عجلون الوطنية (عجلون، الاردن)، كلية الاعمال، قسم المحاسبة، 2023
650 7 0 _aالشركات - المحاسبة - حوكمة الشركات
_965110
700 1 _aالمومني، تيسير علي
_965112
_eمشرف
942 _2lcc
_cTHS
_n0
999 _c33332
_d33332